Statistics for Dow Jones 30 Companies Quiz

Click here to take the quiz!

General Stats

  • This quiz has been taken 21,615 times
    (10,927 since last reset)
  • The average score is 19 of 30

Answer Stats

IndustryYearSymbolCompany% Correct
Software1999MSFTMicrosoft
96%
Phones2015AAPLApple
95%
Apparel2013NKENike
93%
Restaurant1985MCDMcDonald's
90%
Retail1997WMTWal-Mart
89%
Entertainment1991DISWalt Disney
87%
Finance1991JPMJP Morgan
84%
Beverages1987KOCoca-Cola
80%
Home
improvement
1999HDHome Depot
79%
Telecom2004VZVerizon
79%
Aerospace1987BABoeing
72%
Pharmaceutical1997JNJJohnson &
Johnson
71%
Payments2013VVisa
71%
Construction1991CATCaterpillar
70%
Networking2009CSCOCisco
69%
Consumer goods1932PGProcter & Gamble
66%
Semiconductors1999INTCIntel
63%
Chemicals2017DOWDow, Inc
62%
Payments1982AXPAmerican Express
58%
Finance2013GSGoldman Sachs
54%
Health2012UNHUnitedHealth
51%
Tech1979---IBM
43%
Conglomerate1976MMM3M
40%
Oil2008CVXChevron
38%
Pharmaceutical1979MRKMerck
38%
Pharmacy2018WBAWalgreens
37%
Insurance2009TRVTravelers
29%
Pharmaceutical2020AMGNAmgen
21%
Conglomerate2020HONHoneywell
18%
Business software2020CRMSalesforce
16%

Score Distribution

Percentile by Number Answered

Percent of People with Each Score

Your Score History

You have not taken this quiz since the last reset